000
00202nam a22000857a 4500
082
_a
621.902BOO
100
_a
Booyhroyd Geoffrey
245
_a
Fundamentals of metal machining and machine tools
942
_c
BK
999
_c
15298
_d
15298